| 000 | 00668nam a2200229Ia 4500 | ||
|---|---|---|---|
| 005 | 20250108124743.0 | ||
| 008 | 008 250107s9999 xx 000 0 eng d | ||
| 020 | _a978-81-94867-62-3 | ||
| 037 | _aREF | ||
| 040 |
_aCRL _beng _cCRL |
||
| 041 |
_aeng _2eng |
||
| 084 | _aV2:19g Q5 (RR) | ||
| 084 | _qCRL | ||
| 100 |
_aGupta Rajni (KMC) Au.; Chugh Gaurav Au. _9729707 |
||
| 245 | 0 |
_aPlants, microbes and diseases _cGupta Rajni (KMC) Au.; Chugh Gaurav Au. |
|
| 260 |
_aNew Delhi, India _bI.K. International _c2062 |
||
| 300 | _axii,364p. | ||
| 365 |
_aINR _b0 |
||
| 650 | _aBOTANY | ||
| 942 |
_cREF _hV2:19g Q5 (RR) |
||
| 999 |
_c1234450 _d1234450 |
||